La caldera del desierto : Los trabajadores del guano y los inicios de la cuestión social /

La minoría decimonónica ha sido asociada a menudo con el enfrentamiento social, así como con los primeros atisbos de acción obrera organizada. Esto ha sido más común para el caso de la industria salitrera, pero también se ha extendido a la minería del Norte Chico o del carbón.

Detalles Bibliográficos
Autor principal: Pino Vallejos, Julio
Formato: Analitica de revista
Lenguaje:español
Publicado: Santiago, Chile SUR 1990
Materias:

MARC

LEADER 00000cab a2200000 a 4500
001 037658
003 UAHC_CL
005 20171123125720.0
008 140120s1990 cl 000 spa
952 |0 0  |1 0  |4 0  |6 PROPOSICIONES_19_90_000000000000000  |7 0  |8 COMP  |9 71674  |a BC  |b BC  |c COMP  |d 2017-08-03  |l 0  |o PROPOSICIONES-19/90  |r 2017-08-03 00:00:00  |t 1  |w 2017-08-03  |y REVA 
999 |c 37658  |d 37658 
040 |a UAHC_CL  |c UAHC_CL  |d UAHC_CL 
100 1 |a Pino Vallejos, Julio 
245 1 3 |a La caldera del desierto :  |b Los trabajadores del guano y los inicios de la cuestión social /  |c Julio Pino Vallejos. 
260 |b SUR  |c 1990  |a Santiago, Chile 
300 |a pp. 123-141 
310 |a Anual. 
362 0 |a Año 1, no. 1 (nov. 2002)- . 
362 0 |a Año 1, no. 1 (nov. 2002)- . 
500 |a En: Proposiciones. no. 19, 1990. pp. 123-141. ISSN. 956208051X. 
520 |a La minoría decimonónica ha sido asociada a menudo con el enfrentamiento social, así como con los primeros atisbos de acción obrera organizada. Esto ha sido más común para el caso de la industria salitrera, pero también se ha extendido a la minería del Norte Chico o del carbón. 
650 4 |a MINERIA  |z CHILE 
650 4 |a MOVIMIENTO OBRERO  |z CHILE 
650 4 |a SALITRE  |x HISTORIA  |y SIGLO 19  |z CHILE 
900 |a PROPOSICIONES-19/90 
942 |c REVA  |2 ddc